000 00543nam a2200169 4500
001 138655
003 ES-MaACL
005 20230906195616.0
007 t|
008 070214s1920 xxk r ||||1| eng d
100 1 _aSantayana, George.
_9103357
245 1 0 _aLittle essays /
_cdrawn from the writings of George Santayana by Logan Pearsall Smith, with the collaboration of the author.
260 _aLondon :
_bConstable & Co.,
_c1920.
300 _a290 p. ;
_c23 cm.
700 1 _aSmith, Logan Pearsall.
_9106906
852 _aES-MaACL
_jF-845
999 _c138655
_d138655